000 00283nam a22001217a 4500
008 170530b xxu||||| |||| 00| 0 eng d
041 _aeng
080 _a94(100)
100 _a17
101 _aSHH
245 _aTHEUNITED STATES IN ITS WORLD RELATIONS
_cBARCK,O.TH
942 _2udc
_cBK
999 _c15032
_d15032